[Event "EU-ch U16 17th"]
[Site "Sibenik"]
[Date "2007.09.20"]
[Round "7"]
[White "Thorgeirsson, Sverrir"]
[Black "Sucic, Domagoy"]
[Result "1-0"]
[WhiteElo "2064"]
[BlackElo "1967"]
[PlyCount "117"]
[EventDate "2007.09.14"]
[EventType "swiss"]
[EventRounds "9"]
[EventCountry "CRO"]
[SourceTitle "CBM 120 Extra"]
[Source "ChessBase"]
[SourceDate "2007.11.01"]
[SourceVersion "1"]
[SourceVersionDate "2007.11.01"]
[SourceQuality "1"]

1. e4 c5 2. c3 Nf6 3. e5 Nd5 4. d4 cxd4 5. Nf3 Nc6 6. cxd4 d6 7. Bc4 Nb6 8. Bb5 d5 9. Qc2 Qc7 10. Bf4 e6 11. 0-0 Bd7 12. Nbd2 Rc8 13. Rac1 Be7 14. Bd3 Qd8 15. Qb1 h6 16. a3 a6 17. b4 Na7 18. Rxc8 Qxc8 19. Rc1 Qb8 20. Nb3 0-0 21. Nc5 Bxc5 22. bxc5 Na8 23. Be3 Bc6 24. Qb3 Re8 25. Rb1 Qc8 26. Bc2 Kf8 27. a4 Ke7 28. Nd2 h5 29. Bg5+ Kd7 30. Qf3 Rf8 31. Qxh5 Qe8 32. Qe2 Kc8 33. Bd3 Nc7 34. a5 Bb5 35. Rb2 Nc6 36. Nb3 Ba4 37. Be3 Bxb3 38. Rxb3 Nxa5 39. Rb4 Nc6 40. Rb1 Na7 41. f4 Nab5 42. Qb2 g6 43. Bd2 Qc6 44. Ba5 Na7 45. Bb6 Kb8 46. Bxc7+ Kxc7 47. Qb6+ Qxb6 48. cxb6+ Kb8 49. bxa7+ Kxa7 50. Kf2 b5 51. h4 Rh8 52. g3 Kb6 53. Ke3 Rh7 54. Kd2 Rh8 55. Rh1 a5 56. g4 b4 57. h5 a4 58. hxg6 Rxh1 59. g7 1-0

[Event "EU-ch U16 17th"]
[Site "Sibenik"]
[Date "2007.09.19"]
[Round "6"]
[White "Sucic, Domagoy"]
[Black "Poleshchuk, Dmitriy"]
[Result "0-1"]
[WhiteElo "1967"]
[BlackElo "2073"]
[PlyCount "96"]
[EventDate "2007.09.14"]
[EventType "swiss"]
[EventRounds "9"]
[EventCountry "CRO"]
[SourceTitle "CBM 120 Extra"]
[Source "ChessBase"]
[SourceDate "2007.11.01"]
[SourceVersion "1"]
[SourceVersionDate "2007.11.01"]
[SourceQuality "1"]

1. d4 Nf6 2. c4 e5 3. dxe5 Ng4 4. Nf3 Nc6 5. Bg5 Be7 6. Bxe7 Qxe7 7. Nc3 Ngxe5 8. Nxe5 Qxe5 9. e3 0-0 10. Be2 d6 11. 0-0 Be6 12. Qd2 f5 13. Nd5 Bxd5 14. Qxd5+ Kh8 15. Qxe5 Nxe5 16. f3 Rae8 17. Rac1 b6 18. Rfd1 a5 19. a4 Nd7 20. Rc3 Nc5 21. b3 g6 22. Rd2 Re7 23. Kf2 Kg7 24. Rd1 Rfe8 25. Rd2 Kf6 26. Bd1 g5 27. Bc2 Re5 28. Rd4 h6 29. Bb1 Ne6 30. Rd2 Nc5 31. Rd4 Rd8 32. Rd2 c6 33. Bc2 d5 34. cxd5 Rexd5 35. Rxd5 cxd5 36. g3 Rd6 37. Bb1 f4 38. gxf4 gxf4 39. exf4 d4 40. Rxc5 bxc5 41. Ke2 Rb6 42. Bc2 Rb4 43. Kd2 c4 44. bxc4 Rxc4 45. Bb3 Rc3 46. Bd5 Ra3 47. Bc6 Kf5 48. Kc2 Rc3+ 0-1

[Event "EU-ch U16 17th"]
[Site "Sibenik"]
[Date "2007.09.17"]
[Round "4"]
[White "Sucic, Domagoy"]
[Black "Bjelicic, Jan"]
[Result "1/2-1/2"]
[WhiteElo "1967"]
[BlackElo "2101"]
[PlyCount "71"]
[EventDate "2007.09.14"]
[EventType "swiss"]
[EventRounds "9"]
[EventCountry "CRO"]
[SourceTitle "CBM 120 Extra"]
[Source "ChessBase"]
[SourceDate "2007.11.01"]
[SourceVersion "1"]
[SourceVersionDate "2007.11.01"]
[SourceQuality "1"]

1. d4 d5 2. c4 c6 3. Nc3 Nf6 4. Nf3 Bf5 5. e3 e6 6. Ne5 Bd6 7. f4 Ne4 8. Nxe4 Bxe4 9. Nf3 Nd7 10. c5 Bc7 11. b4 0-0 12. Be2 b6 13. a3 bxc5 14. bxc5 Ba5+ 15. Bd2 Bxd2+ 16. Qxd2 Qc7 17. 0-0 Rab8 18. Bd1 f6 19. Qc3 Rfe8 20. Bc2 Bxc2 21. Qxc2 Qa5 22. Ne1 Rb7 23. Nd3 Reb8 24. Nb4 Qb5 25. Rfc1 a5 26. Nd3 Qb3 27. Qd2 Qa4 28. Rc3 Rb3 29. Qc2 Qb5 30. Rc1 Nf8 31. Rxb3 Qxb3 32. Qc3 Ng6 33. Rc2 Ne7 34. Kf2 h6 35. Ke2 Kf7 36. Kd2 1/2-1/2

[Event "Wuerttemberg-ch U18"]
[Site "Friedrichshafen"]
[Date "2005.03.31"]
[Round "5"]
[White "Sucic, Domagoy"]
[Black "Fuchs, Martin"]
[Result "0-1"]
[WhiteElo "1729"]
[BlackElo "1609"]
[PlyCount "66"]
[EventDate "2005.03.29"]
[EventType "swiss"]
[EventRounds "7"]
[EventCountry "GER"]
[SourceTitle "EXT 2007"]
[Source "ChessBase"]
[SourceDate "2006.11.23"]
[SourceVersion "1"]
[SourceVersionDate "2006.11.23"]
[SourceQuality "1"]

1. d4 d6 2. c4 Nf6 3. Nc3 g6 4. Nf3 Bg7 5. Bf4 Nbd7 6. e3 b6 7. Bd3 Bb7 8. 0-0 0-0 9. h4 Re8 10. Qc2 Bxf3 11. gxf3 e5 12. Bg3 exd4 13. exd4 Nh5 14. Ne2 f5 15. Rae1 Qf6 16. f4 c5 17. dxc5 dxc5 18. b3 Re6 19. a3 Rae8 20. b4 Qf7 21. Kg2 Ndf6 22. Bh2 Qb7+ 23. f3 Ng4 24. Bg1 Nxf4+ 25. Kg3 Nh5+ 26. Kh3 Qc7 27. fxg4 Rxe2 28. gxh5 Rxe1 29. hxg6 hxg6 30. Rxe1 Rxe1 31. Bh2 Re3+ 32. Kg2 Qc6+ 33. Kg1 Qf3 0-1